<?xml version="1.0" encoding="UTF-8"?>
<record
    xmlns:xsi="http://www.w3.org/2001/XMLSchema-instance"
    xsi:schemaLocation="http://www.loc.gov/MARC21/slim http://www.loc.gov/standards/marcxml/schema/MARC21slim.xsd"
    xmlns="http://www.loc.gov/MARC21/slim">

  <leader>00428nam a2200145   4500</leader>
  <controlfield tag="005">20250129140510.0</controlfield>
  <controlfield tag="008">10</controlfield>
  <datafield tag="020" ind1=" " ind2=" ">
    <subfield code="a">978-978-59453-0-0</subfield>
  </datafield>
  <datafield tag="082" ind1=" " ind2=" ">
    <subfield code="b">3060</subfield>
  </datafield>
  <datafield tag="100" ind1=" " ind2=" ">
    <subfield code="a">Rev.Pam David Gyang.</subfield>
    <subfield code="f">2022</subfield>
    <subfield code="l">English</subfield>
    <subfield code="t">Marriage and Divorce</subfield>
  </datafield>
  <datafield tag="245" ind1=" " ind2=" ">
    <subfield code="a">Marriage and Divorce</subfield>
  </datafield>
  <datafield tag="260" ind1=" " ind2=" ">
    <subfield code="a">Jos Plateau State</subfield>
    <subfield code="b">Cocin Printing Press</subfield>
    <subfield code="c">2022</subfield>
    <subfield code="e">Jos Plateau State</subfield>
    <subfield code="f">Cocin Printing Press</subfield>
    <subfield code="g">2022</subfield>
  </datafield>
  <datafield tag="300" ind1=" " ind2=" ">
    <subfield code="a">xi,301ps.</subfield>
    <subfield code="c">21.5cm</subfield>
  </datafield>
  <datafield tag="942" ind1=" " ind2=" ">
    <subfield code="2">ddc</subfield>
    <subfield code="k">3066</subfield>
  </datafield>
  <datafield tag="999" ind1=" " ind2=" ">
    <subfield code="c">20</subfield>
    <subfield code="d">20</subfield>
  </datafield>
</record>
